History Of India From The Earliest Times To The Sixth Century B.C (Record no. 41279)
[ view plain ]
| 000 -LEADER | |
|---|---|
| fixed length control field | 00422nam a2200133Ia 4500 |
| 008 - FIXED-LENGTH DATA ELEMENTS--GENERAL INFORMATION | |
| fixed length control field | 240719s9999 xx 000 0 und d |
| 041 ## - LANGUAGE CODE | |
| Language code of text/sound track or separate title | eng |
| 082 ## - DEWEY DECIMAL CLASSIFICATION NUMBER | |
| Classification number | 934.045 DUT |
| 100 ## - MAIN ENTRY--PERSONAL NAME | |
| Personal name | Dutt Chunder Ramesh |
| 245 ## - TITLE STATEMENT | |
| Title | History Of India From The Earliest Times To The Sixth Century B.C |
| 260 ## - PUBLICATION, DISTRIBUTION, ETC. | |
| Place of publication, distribution, etc. | USA |
| Name of publisher, distributor, etc. | Createspace Independent Publishing |
| Date of publication, distribution, etc. | 2014 |
| 300 ## - PHYSICAL DESCRIPTION | |
| Extent | 128.; P 24 Cm. |
| 520 ## - SUMMARY, ETC. | |
| Summary, etc. | Gifted By : IMT Faculty Dr. Pawan Jain |
| Withdrawn status | Lost status | Damaged status | Not for loan | Home library | Current library | Shelving location | Date acquired | Total Checkouts | Full call number | Barcode | Date last seen | Date last checked out | Price effective from | Koha item type | Public note |
|---|---|---|---|---|---|---|---|---|---|---|---|---|---|---|---|
| IMTN | IMTN | Rack 41-B | 05/26/2023 | 1 | 934.045 DUT | 32974 | 10/15/2025 | 10/07/2025 | 07/19/2024 | Books | Gifted |